|
|
|
|
| LEADER |
00000nta a2200000 i 4500 |
| 001 |
dolg34116 |
| 005 |
20210713065913.0 |
| 008 |
210713suuuu hu om 000 hun d |
| 040 |
|
|
|a BGE Dolgozattár Repozitórium
|b hun
|
| 041 |
|
|
|a hu
|
| 100 |
1 |
|
|a Vári Melinda Lilla
|
| 245 |
1 |
2 |
|a A média, mint gender tükör, avagy A nő újraértelmezése a 21. században
|c Vári Melinda Lilla
|h [elektronikus dokumentum]
|
| 695 |
|
|
|a Emancipáció
|
| 695 |
|
|
|a Médiakutatás
|
| 700 |
1 |
|
|a Nincs adat Nincs adat
|e ths
|
| 856 |
4 |
0 |
|u http://dolgozattar.uni-bge.hu/34116/1/D_16251_TOR2KN%20-%20V%C3%A1ri%20Melinda%20Lilla.pdf
|z Dokumentum-elérés
|